Men's health: (Record no. 5527)

MARC details
000 -LEADER
fixed length control field 00595nam a22002057a 4500
003 - CONTROL NUMBER IDENTIFIER
control field OSt
005 - DATE AND TIME OF LATEST TRANSACTION
control field 20170213135355.0
008 - FIXED-LENGTH DATA ELEMENTS--GENERAL INFORMATION
fixed length control field 170213b xxu||||| |||| 00| 0 eng d
020 ## - INTERNATIONAL STANDARD BOOK NUMBER
International Standard Book Number 9780470035559
040 ## - CATALOGING SOURCE
Transcribing agency 040a
082 ## - DEWEY DECIMAL CLASSIFICATION NUMBER
Classification number WY 100
Item number P329m 2007
100 ## - MAIN ENTRY--PERSONAL NAME
Personal name Peate, Ian
9 (RLIN) 11525
245 ## - TITLE STATEMENT
Title Men's health:
Remainder of title the practice Nurse's handbook /
Statement of responsibility, etc. Ian Peate
260 ## - PUBLICATION, DISTRIBUTION, ETC. (IMPRINT)
Place of publication, distribution, etc. West Sussex
Name of publisher, distributor, etc. John Wiley and sons
Date of publication, distribution, etc. 2007
300 ## - PHYSICAL DESCRIPTION
Extent ii; 363p:
Other physical details ill :
Dimensions 18 cm.
504 ## - BIBLIOGRAPHY, ETC. NOTE
Bibliography, etc Includes bibliographical references and index
650 ## - SUBJECT ADDED ENTRY--TOPICAL TERM
Topical term or geographic name as entry element Health
9 (RLIN) 2172
650 ## - SUBJECT ADDED ENTRY--TOPICAL TERM
Topical term or geographic name as entry element Men diseases
9 (RLIN) 11526
942 ## - ADDED ENTRY ELEMENTS (KOHA)
Source of classification or shelving scheme Other/Generic Classification Scheme
Koha item type Open Shelf
Holdings
Withdrawn status Lost status Source of classification or shelving scheme Damaged status Not for loan Home library Current library Date acquired Source of acquisition Inventory number Total Checkouts Full call number Barcode Date last seen Price effective from Koha item type
    Other/Generic Classification Scheme     MUST Main Library MUST Main Library 13/02/2017   2011/35463   WY 100 P329m 2007 2017-0162 13/02/2017 13/02/2017 Open Shelf